000 00278nam a22001217a 4500
008 180911b xxu||||| |||| 00| 0 eng d
041 _aeng
080 _a941
100 _a17
101 _aHIS
245 _aThe Oxford History of the American People
_cMorison
942 _2udc
_cBK
999 _c47681
_d47681